Quiz sur le 2e arrondissement de Paris - Statistiques

Statistiques générales
  • Ce quiz a été pris 68 fois
  • Le résultat moyen est 11 sur 20
Statistiques - réponses
Question Réponse % Correct
En superficie, le 2e arrondissement est le plus ... de Paris petit
100%
Quelle ligne de métro, allant de Levallois à Bagnolet, traverse l'arrondissement par 5 stations ? La ligne 3
97%
Jusqu'en 2010, l'hôtel des Italiens fut le siège social de cette banque portant le nom d'une autre ville française Le Crédit {Lyonnais}
89%
Quel roi de France est représenté sur la statue équestre de la place des Victoires ? Louis XIV
84%
Nom de l'arrondissement Bourse
75%
Le kipferl, inventé par August Zang dans sa Boulangerie viennoise rue de Richelieu, est l'ancêtre de cette très célèbre viennoiserie Le croissant
73%
Quelle rue, partant de la place Vendôme, est également célèbre pour ses maisons de haute joaillerie ? Rue de la {Paix}
72%
Quelle agence de presse internationale siège au 11/13 place de la Bourse ? L'Agence France-Presse
67%
Quel compositeur franco-polonais romantique, auteur de 21 Nocturnes et de 24 Études, séjourna au boulevard Poissonnière pendant 1 an ? Frédéric Chopin
66%
Quel ensemble de 20 romans a écrit Émile Zola, natif de l'arrondissement ? Les Rougon-Macquart
63%
Quel cinéma dans le style art déco a été nommé "plus beau cinéma du monde" par le magasine Time Out en 2025 ? Le Grand Rex
59%
Comment s'appellent les voies piétonnes couvertes par des verrières, qui sont particulièrement présentes dans le 2e arrondissement ? Les passages / galeries
58%
Quel architecte, connu notamment pour la flèche de Notre-Dame de Paris, est natif du 2e arrondissement ? Eugène Viollet-le-Duc
55%
Avant que ses Imprimés soient déplacés dans le 13e arrondissement sous l'impulsion de François Mitterrand, quel établissement était uniquement basé au Quadrilatère Richelieu ? La Bibliothèque nationale de France
55%
Quartiers administratifs Bonne-Nouvelle
28%
Où siégeait la Bourse de Paris avant la disparition de la bourse physique ? Au palais Brongniart
23%
Quartiers administratifs Vivienne
19%
Quartiers administratifs Gaillon
17%
De l'hôtel de Bourgogne, il ne reste qu'une seule tour. En l'honneur de quel duc de Bourgogne, cousin du Roi, est-elle nommée ? Jean sans Peur
17%
Quartiers administratifs Mail
14%
Aucun quiz correspondant
Distribution des résultats
% des personnes avec chaque résultat
Percentile par nombre de réponses
Votre historique - résultats
Vous n’avez pas pris ce quiz